| 000 | 00554nam a2200193Ia 4500 | ||
|---|---|---|---|
| 005 | 20260429111948.0 | ||
| 008 | 260429s9999||||xx |||||||||||||| ||und|| | ||
| 020 | _a9781265257484 | ||
| 041 | _aEnglish | ||
| 082 |
_a320.540973 _bLAM |
||
| 100 | _aLamb, Pamela K. | ||
| 245 | 0 |
_a5 steps to a 5 : _bAP U.S. government and politics / _cPamela K. Lamb |
|
| 260 |
_aUnited States : _bMcGraw Hill, _c2023. |
||
| 300 | _axvii, 566 p.; pbk | ||
| 650 | _a Political ideologies | ||
| 650 | _a Western politics | ||
| 650 | _aPolitical science | ||
| 942 | _cTB | ||
| 999 |
_c51645 _d51645 |
||